Three Real and One Fake - City Pictures - Statistics

General Stats
  • This quiz has been taken 1,210 times
  • The average score is 6 of 15
Answer Stats
Question Answer % Correct
Rio de Janeiro
73%
Beijing
72%
Istanbul
64%
London
53%
Barcelona
44%
Chicago
38%
Singapore
38%
Cape Town
33%
Cairo
33%
Havana
27%
Munich
24%
Mumbai
23%
Jerusalem
23%
Kiev
21%
Vancouver
16%
No matching quizzes found
Score Distribution
Percent of People with Each Score
Percentile by Number Answered
Your Score History
You have not taken this quiz